Miluji tě! : (Record no. 20600)
[ view plain ]
| 000 -LEADER | |
|---|---|
| fixed length control field | 01315nam a2200409 a 4500 |
| 001 - CONTROL NUMBER | |
| control field | 20600 |
| 003 - CONTROL NUMBER IDENTIFIER | |
| control field | CZ PrNK |
| 005 - DATE AND TIME OF LATEST TRANSACTION | |
| control field | 20260127110404.0 |
| 007 - PHYSICAL DESCRIPTION FIXED FIELD--GENERAL INFORMATION | |
| fixed length control field | tu |
| 008 - FIXED-LENGTH DATA ELEMENTS--GENERAL INFORMATION | |
| fixed length control field | 980429s1998 xr e 000 m cze |
| 015 ## - NATIONAL BIBLIOGRAPHY NUMBER | |
| National bibliography number | cnb000310551 |
| 020 ## - INTERNATIONAL STANDARD BOOK NUMBER | |
| International Standard Book Number | 8086146022 |
| Qualifying information | (váz.) |
| 035 ## - SYSTEM CONTROL NUMBER | |
| System control number | (OCoLC)39318015 |
| 040 ## - CATALOGING SOURCE | |
| Original cataloging agency | ABA001 |
| Language of cataloging | cze |
| 041 1# - LANGUAGE CODE | |
| Language code of text/sound track or separate title | cze |
| Language code of original | ita |
| 072 #7 - SUBJECT CATEGORY CODE | |
| Subject category code | 17 |
| Subject category code subdivision | Etika. Morální filozofie |
| Source | Konspekt |
| 080 ## - UNIVERSAL DECIMAL CLASSIFICATION NUMBER | |
| Universal Decimal Classification number | 176 |
| Edition identifier | undef |
| 080 ## - UNIVERSAL DECIMAL CLASSIFICATION NUMBER | |
| Universal Decimal Classification number | 316.6 |
| Edition identifier | undef |
| 080 ## - UNIVERSAL DECIMAL CLASSIFICATION NUMBER | |
| Universal Decimal Classification number | 82-84 |
| Edition identifier | undef |
| 100 1# - MAIN ENTRY--PERSONAL NAME | |
| Personal name | Maioli, Primo |
| Relationship | aut |
| 245 10 - TITLE STATEMENT | |
| Title | Miluji tě! : |
| Remainder of title | kniha o tom, jak vyjádřit lásku / |
| Statement of responsibility, etc. | Primo a Renate-Luise Maioli ; [z italského originálu přeložila Dana Vočadlová] |
| 250 ## - EDITION STATEMENT | |
| Edition statement | 1. vyd. |
| 260 ## - PUBLICATION, DISTRIBUTION, ETC. | |
| Place of publication, distribution, etc. | Praha : |
| Name of publisher, distributor, etc. | Nové město, |
| Date of publication, distribution, etc. | 1998 |
| 300 ## - PHYSICAL DESCRIPTION | |
| Extent | 103 s. ; |
| Dimensions | 16 cm |
| 650 07 - SUBJECT ADDED ENTRY--TOPICAL TERM | |
| Topical term or geographic name entry element | muži a ženy |
| Source of heading or term | czenas |
| 650 07 - SUBJECT ADDED ENTRY--TOPICAL TERM | |
| Topical term or geographic name entry element | partnerské vztahy |
| Source of heading or term | czenas |
| 650 07 - SUBJECT ADDED ENTRY--TOPICAL TERM | |
| Topical term or geographic name entry element | láska |
| Source of heading or term | czenas |
| 655 #7 - INDEX TERM--GENRE/FORM | |
| Genre/form data or focus term | aforismy |
| Source of term | czenas |
| 655 #7 - INDEX TERM--GENRE/FORM | |
| Genre/form data or focus term | sborníky |
| Source of term | czenas |
| 700 1# - ADDED ENTRY--PERSONAL NAME | |
| Personal name | Maioli, Renate-Luise |
| Relationship | aut |
| 700 1# - ADDED ENTRY--PERSONAL NAME | |
| Personal name | Vočadlová, Dana, |
| Dates associated with a name | 1963- |
| Relationship | trl |
| 765 0# - ORIGINAL LANGUAGE ENTRY | |
| Title | 100 modi per dire ti voglio bene |
| 856 41 - ELECTRONIC LOCATION AND ACCESS | |
| Uniform Resource Identifier | <a href="http://krameriusndk.nkp.cz/search/handle/uuid:edb7f2f0-7837-11e8-9690-005056827e51">http://krameriusndk.nkp.cz/search/handle/uuid:edb7f2f0-7837-11e8-9690-005056827e51</a> |
| Link text | Digitalizovaný dokument |
| 901 ## - LOCAL DATA ELEMENT A, LDA (RLIN) | |
| o | 19980526 |
| b | 9788086146027 |
| f | 1. vyd. |
| 910 ## - USER-OPTION DATA (OCLC) | |
| User-option data | ABA001 |
| 942 ## - ADDED ENTRY ELEMENTS (KOHA) | |
| Source of classification or shelving scheme | Dewey Decimal Classification |
| Koha item type | Krásna literatúra pre dospelých |
| Suppress in OPAC | No |
| Stav vyradenia | Strata | Poškodenie | Spôsob nadobudnutia | Domovská knižnica | Aktuálna knižnica | Dátum nadobudnutia | Total checkouts | Čiarový kód exemplára | Date last seen | Typ exemplára |
|---|---|---|---|---|---|---|---|---|---|---|
| Dar | Obecná knižnica Horná Štubňa | Obecná knižnica Horná Štubňa | 27.01.2026 | 9788086146027 | 27.01.2026 | Krásna literatúra pre dospelých |
